000 01129nam a22003137a 4500
003 DO-SdBPM
005 20260302120717.0
007 ta
008 180226b 2001 sp a | 00| 0 spa d
020 _a8437223717
040 _aDO-SdBPM
_bspa
_cBPMSU
_erda
082 4 _a 823.8
_b C945d 2001
_222
100 1 _aCrompton, Richmal
_eautor
_4aut.
245 1 0 _aGuillermo el travieso :
_bel día libre de Guillermo y otras historia /
_cRichmal Crompton ; adaptación Martin Jarvis ; traducción Atalaire ; ilustraciones Tony Ross
264 _aMadrid :
_bGrupo Santillana,
_bAltea,
_c2001.
300 _a87 páginas
_bilustraciones,
_c20 cm.
336 _atexto
_btxt
_2rdacontent
337 _asin mediación
_bn
_2rdamedia
338 _avolumen
_bnc
_2rdacarrier
490 0 _aLas aventuras de Guillermo Brown,,
_v6
590 _aInventariado, 2026/VM
650 _aNovela infantil inglesa
650 _aNovelas de aventuras
700 1 _aJarvis, Martin
_eadaptación
700 1 _aAtalaire
_etraductor
700 1 _aRoss, Tony
_eilustraciones
910 _aVMateo V. Control de calidad. BPMSU
942 _2ddc
_cBK
999 _c15739
_d15739